[Event "EU-chT Seniors 03rd"]
[Site "Dresden"]
[Date "2001.02.28"]
[Round "3.1"]
[White "Zaitsev, Igor A"]
[Black "Hecht, Hans Joachim"]
[Result "1/2-1/2"]
[WhiteElo "2418"]
[BlackElo "2436"]
[EventDate "2001.02.26"]
[PlyCount "82"]

1.e4 e6 2.d4 d5 3.e5 c5 4.c3 Nc6 5.Nf3 Bd7 6.a3 Nge7 7.Bd3 cxd4 8.cxd4 Nf5
9.Bc2 Qb6 10.Bxf5 exf5 11.Nc3 Be6 12.Qd3 Rc8 13.O-O Na5 14.Rb1 Be7 15.Bg5 
Bxg5 16.Nxg5 O-O 17.b3 a6 18.Na4 Qd8 19.Qd2 Nc6 20.f4 h6 21.Nf3 Qe7 22.Nb6
Rb8 23.Rfc1 Qc7 24.Qb4 Nxb4 25.Rxc7 Nc6 26.Kf2 Rfe8 27.Rc1 Kf8 28.Rc5 Re7 
29.Rxe7 Nxe7 30.Ke3 Nc8 31.Nxc8 Rxc8 32.Ne1 Ke7 33.Nc2 b6 34.Rxc8 Bxc8 35.
Kd3 a5 36.Ne3 Be6 37.g4 g6 38.gxf5 Bxf5+ 39.Nxf5+ gxf5 40.Kc3 b5 41.Kd3 
Kf8 1/2-1/2

[Event "EU-chT Seniors 03rd"]
[Site "Dresden"]
[Date "2001.02.28"]
[Round "3.2"]
[White "Baumgartner, Heinz"]
[Black "Nautsch, Werner"]
[Result "1-0"]
[WhiteElo "2366"]
[BlackElo "2206"]
[EventDate "2001.02.26"]
[PlyCount "109"]

1.Nf3 g6 2.g3 Bg7 3.d4 d6 4.Bg2 Nc6 5.d5 Ne5 6.Nd4 Bd7 7.e4 c5 8.dxc6 bxc6
9.O-O Rb8 10.h3 Nc4 11.c3 Qc7 12.b3 Nb6 13.Be3 Nf6 14.f4 O-O 15.Nd2 c5 16.
Ne2 Bc6 17.c4 e6 18.Rc1 Rfd8 19.Qc2 Rbc8 20.Kh2 Qb7 21.Nc3 a6 22.Rf2 Nfd7 
23.Ndb1 f5 24.Rd1 Nf6 25.Rfd2 Rd7 26.Rxd6 Rxd6 27.Rxd6 Bf8 28.Rxe6 Kf7 29.
exf5 Bxg2 30.Qxg2 Qxg2+ 31.Kxg2 Nfd7 32.Nd5 Nxd5 33.cxd5 gxf5 34.Rxa6 c4 
35.Rc6 cxb3 36.axb3 Rb8 37.Rc7 Ke8 38.Bd4 Rxb3 39.Nc3 Rb2+ 40.Kf3 Rd2 41.
Ke3 Rb2 42.Kf3 Rb3 43.Rc4 h5 44.g4 fxg4+ 45.hxg4 hxg4+ 46.Kxg4 Ra3 47.Ne4 
Ra6 48.Rc8+ Kf7 49.Ng5+ Ke7 50.Be5 Nf6+ 51.Bxf6+ Rxf6 52.Ne4 Rg6+ 53.Kf5 
Ra6 54.d6+ Kf7 55.Ng5+ 1-0

[Event "EU-chT Seniors 03rd"]
[Site "Dresden"]
[Date "2001.02.28"]
[Round "3.2"]
[White "Chernikov, Oleg L"]
[Black "Rahls, Peter"]
[Result "1-0"]
[WhiteElo "2424"]
[BlackElo "2299"]
[EventDate "2001.02.26"]
[PlyCount "132"]

1.Nf3 c5 2.c3 Nf6 3.d4 e6 4.e3 b6 5.Nbd2 Bb7 6.Bd3 Be7 7.O-O Nc6 8.a3 d5 
9.dxc5 bxc5 10.e4 Qc7 11.Re1 O-O 12.exd5 exd5 13.Nf1 c4 14.Bc2 Rad8 15.Bg5
Ne4 16.Bxe7 Nxe7 17.Nd4 Rfe8 18.Ng3 Ng6 19.a4 Qf4 20.Qf3 Qxf3 21.Nxf3 Nf4 
22.a5 Nc5 23.Red1 a6 24.Nf5 Bc8 25.Ne3 Be6 26.g3 Ng6 27.Nd4 Rb8 28.Rab1 
Ne7 29.b4 cxb3 30.Bxb3 Nxb3 31.Rxb3 Rxb3 32.Nxb3 Rc8 33.Nd4 Rxc3 34.Rb1 g6
35.Rb7 Bh3 36.Nec2 Nf5 37.f3 Nxd4 38.Nxd4 Rd3 39.Rb4 h5 40.Kf2 Ra3 41.Nc6 
Bd7 42.Ne7+ Kg7 43.Nxd5 Rxa5 44.Nc3 Ra3 45.Rc4 Be6 46.Rc5 Kf6 47.Ke3 Ra1 
48.Ne4+ Kg7 49.Ng5 a5 50.Nxe6+ fxe6 51.Kf4 Kf6 52.g4 g5+ 53.Kg3 h4+ 54.Kh3
a4 55.Rc4 e5 56.Rc6+ Kf7 57.Rc4 Ke6 58.Kg2 Ra2+ 59.Kh3 Kd5 60.Re4 a3 61.
Re3 Ra1 62.Kg2 Kd4 63.Rb3 Kc4 64.Re3 Kd4 65.Rb3 Ra2+ 66.Kh3 Kc4 1-0

[Event "EU-chT Seniors 03rd"]
[Site "Dresden"]
[Date "2001.02.28"]
[Round "3.2"]
[White "Duemmke, Juergen"]
[Black "Braun, Gottfried"]
[Result "0-1"]
[WhiteElo "2050"]
[BlackElo "2231"]
[EventDate "2001.02.26"]
[PlyCount "80"]

1.d4 d6 2.e4 Nf6 3.Nc3 e5 4.dxe5 dxe5 5.Qxd8+ Kxd8 6.Bg5 Be6 7.O-O-O+ Nd7 
8.f4 exf4 9.Bxf6+ gxf6 10.Nge2 Bh6 11.Kb1 c6 12.Nd4 Ke7 13.Nf5+ Bxf5 14.
exf5 Ne5 15.Be2 Rad8 16.b3 Rhg8 17.Bf3 Rxd1+ 18.Rxd1 Nxf3 19.gxf3 Rg2 20.
Re1+ Kd7 21.Ne4 Bg7 22.h4 Kc7 23.b4 h5 24.a3 b6 25.Kb2 Bf8 26.Kb3 Be7 27.
b5 Rh2 28.Nc3 Bd6 29.bxc6 Kxc6 30.Re4 Rh3 31.Ne2 Rxf3+ 32.c3 Kd7 33.Nd4 
Re3 34.Rxe3 fxe3 35.Ne2 Kc6 36.c4 Bc5 37.a4 Kd6 38.Kc3 Ke5 39.Ng3 Kf4 40.
Nxh5+ Kf3 0-1

[Event "EU-chT Seniors 03rd"]
[Site "Dresden"]
[Date "2001.02.28"]
[Round "3.2"]
[White "Hellbing, Horst"]
[Black "Eis, Helko"]
[Result "0-1"]
[WhiteElo "1983"]
[BlackElo "2083"]
[EventDate "2001.02.26"]
[PlyCount "88"]

1.e4 d6 2.d4 Nf6 3.Nc3 c6 4.f3 Nbd7 5.Be3 e5 6.Bc4 Be7 7.Nge2 b5 8.Bd3 b4 
9.Na4 O-O 10.O-O Qc7 11.c3 a5 12.Rc1 d5 13.Ng3 Rd8 14.Qe2 dxe4 15.fxe4 Nb6
16.Nxb6 Qxb6 17.Nf5 Bxf5 18.Rxf5 g6 19.Rxe5 Bf8 20.Rf1 Nd7 21.Rg5 f6 22.
Bc4+ Kh8 23.Rg4 c5 24.h4 bxc3 25.bxc3 Rab8 26.h5 g5 27.e5 cxd4 28.cxd4 Be7
29.Kh1 fxe5 30.Bxg5 Bxg5 31.Rxg5 Qxd4 32.Rg4 Qd6 33.Re4 Nf6 34.Re3 e4 35.
Bb3 Qe5 36.g4 a4 37.Rf5 Qa1+ 38.Rf1 Qd4 39.Rd1 Qe5 40.Rxd8+ Rxd8 41.Bxa4 
Rg8 42.Bd1 Nxg4 43.Rh3 Qf6 44.Rg3 Qh4+ 0-1

[Event "EU-chT Seniors 03rd"]
[Site "Dresden"]
[Date "2001.02.28"]
[Round "3.2"]
[White "Hesse, Manfred"]
[Black "Lauterbach, Eberhard"]
[Result "1-0"]
[WhiteElo "1825"]
[BlackElo "1293"]
[EventDate "2001.02.26"]
[PlyCount "41"]

1.c4 Nf6 2.Nc3 d5 3.cxd5 Nxd5 4.e4 Nxc3 5.bxc3 e5 6.Nf3 Bg4 7.Bc4 Bxf3 8.
Qxf3 Qd7 9.O-O Bd6 10.Rb1 c6 11.d4 O-O 12.Be3 b5 13.Bd3 f6 14.d5 a6 15.c4 
bxc4 16.Bxc4 c5 17.Rb6 Ra7 18.Rfb1 Qc7 19.Qe2 a5 20.R1b5 Nd7 21.Rc6 1-0

[Event "EU-chT Seniors 03rd"]
[Site "Dresden"]
[Date "2001.02.28"]
[Round "3.2"]
[White "Mueller, Siegmar"]
[Black "Hampel, Johannes"]
[Result "1/2-1/2"]
[WhiteElo "1839"]
[BlackElo "2079"]
[EventDate "2001.02.26"]
[PlyCount "83"]

1.Nc3 Nf6 2.Nf3 d5 3.d4 Bf5 4.Bg5 e6 5.e3 Nbd7 6.Bd3 Bg6 7.Ne5 Be7 8.Qe2 
Nxe5 9.dxe5 Nd7 10.Bxe7 Qxe7 11.f4 a6 12.O-O-O b5 13.Bxg6 hxg6 14.e4 c6 
15.g3 Nc5 16.exd5 cxd5 17.a3 O-O 18.h4 f5 19.exf6 Qxf6 20.Rhe1 Rab8 21.Qe5
b4 22.axb4 Rxb4 23.Qd6 Rc8 24.Re5 Rc4 25.Rde1 d4 26.Ne4 Nxe4 27.R1xe4 
Rxc2+ 28.Kb1 Rc1+ 29.Ka2 Rg1 30.Rxd4 Rxg3 31.Qxe6+ Qxe6+ 32.Rxe6 Rb8 33.b4
Rg2+ 34.Ka3 Rg1 35.Rde4 Rb5 36.R4e5 Ra1+ 37.Kb2 Rf1 38.Rxb5 axb5 39.Re4 
Rf3 40.Kc2 Kf7 41.Kd2 Kf6 42.Ke2 1/2-1/2

[Event "EU-chT Seniors 03rd"]
[Site "Dresden"]
[Date "2001.02.28"]
[Round "3.2"]
[White "Schneider, Georg"]
[Black "Jaeger, Erich"]
[Result "1-0"]
[WhiteElo "2106"]
[BlackElo "1932"]
[EventDate "2001.02.26"]
[PlyCount "82"]

1.e4 c5 2.b4 cxb4 3.Bb2 d6 4.Bc4 Nf6 5.Qf3 e6 6.d3 Nbd7 7.Qg3 Qc7 8.a3 
Nxe4 9.Qe3 d5 10.Bb3 Nef6 11.axb4 Bxb4+ 12.Nd2 Bc5 13.Qg3 O-O 14.Ngf3 h6 
15.Qh4 Re8 16.O-O Be7 17.Qh3 Nc5 18.Be5 Qd8 19.Rfb1 Ncd7 20.d4 Nxe5 21.
Nxe5 Ne4 22.Nxe4 dxe4 23.c3 Bd6 24.f4 exf3 25.Qxf3 Qf6 26.Qe2 Bxe5 27.dxe5
Qe7 28.Qe3 Qc7 29.Bc2 g6 30.Qxh6 Qxe5 31.Bxg6 Qg7 32.Bxf7+ Kxf7 33.Qh5+ 
Qg6 34.Rf1+ Kg7 35.Qe5+ Kg8 36.Rf3 Bd7 37.Rg3 Qxg3 38.Qxg3+ Kf7 39.Qg5 Rf8
40.Rf1+ Ke8 41.Qg6+ Ke7 1-0

[Event "EU-chT Seniors 03rd"]
[Site "Dresden"]
[Date "2001.02.28"]
[Round "3.2"]
[White "Starke, Burkhard"]
[Black "Ljuboschitz, Alexander"]
[Result "1/2-1/2"]
[WhiteElo "2089"]
[BlackElo "2116"]
[EventDate "2001.02.26"]
[PlyCount "38"]

1.Nf3 Nf6 2.d4 g6 3.c4 Bg7 4.Nc3 O-O 5.e4 d6 6.h3 c5 7.Be3 cxd4 8.Nxd4 Nc6
9.Qd2 Bd7 10.Be2 a6 11.O-O Nxd4 12.Bxd4 b5 13.cxb5 axb5 14.b4 Bc6 15.Bf3 
Qd7 16.Rac1 Qb7 17.Nd5 Nxd5 18.Bxg7 Kxg7 19.exd5 Bd7 1/2-1/2

[Event "EU-chT Seniors 03rd"]
[Site "Dresden"]
[Date "2001.02.28"]
[Round "3.2"]
[White "Walke, Guenter"]
[Black "Koksch, Guenther"]
[Result "0-1"]
[WhiteElo "1747"]
[BlackElo "1996"]
[EventDate "2001.02.26"]
[PlyCount "50"]

1.d4 e6 2.Nd2 d5 3.e4 Nc6 4.Ngf3 Nf6 5.e5 Nd7 6.c3 f6 7.exf6 Qxf6 8.Be2 
Bd6 9.O-O O-O 10.Re1 e5 11.dxe5 Ncxe5 12.Qb3 Qf7 13.Rf1 c6 14.c4 Nc5 15.
Qc3 Ng4 16.b4 Ne4 17.Qd4 Nexf2 18.Rxf2 Bxh2+ 19.Kf1 Bg3 20.Bd3 Bxf2 21.
Bxh7+ Kxh7 22.Qd3+ Bf5 23.Ng5+ Kg8 24.Qh3 Qg6 25.Ndf3 Bd3# 0-1

[Event "EU-chT Seniors 03rd"]
[Site "Dresden"]
[Date "2001.02.28"]
[Round "3.2"]
[White "Weigel, Hans Juergen"]
[Black "Pojedziniec, Wladyslaw"]
[Result "1-0"]
[WhiteElo "1995"]
[BlackElo "2225"]
[EventDate "2001.02.26"]
[PlyCount "89"]

1.b4 e5 2.Bb2 d6 3.e3 Nf6 4.Nf3 g6 5.Be2 Bg7 6.O-O O-O 7.c4 c6 8.d3 Nbd7 
9.Nc3 Re8 10.Rb1 d5 11.Qb3 Nb6 12.a4 dxc4 13.dxc4 Bf5 14.Rbd1 Qc7 15.a5 
Nbd7 16.Rd2 h6 17.Rfd1 Be6 18.Qa4 a6 19.c5 e4 20.Nd4 Bg4 21.Qa1 Bxe2 22.
Ndxe2 Ne5 23.Rd4 Nd3 24.Ng3 Nxb2 25.Qxb2 Ng4 26.Rd6 f5 27.Rxg6 Qf7 28.Qa2 
Kf8 29.Qxf7+ Kxf7 30.Rxg7+ Kxg7 31.Nxf5+ Kg6 32.Nd6 Re7 33.Ncxe4 Rf8 34.
Rd2 Ne5 35.f3 h5 36.h4 Rd7 37.Rd4 Re7 38.Ng5 Rd8 39.e4 Nf7 40.Ngxf7 Rxf7 
41.e5 Re7 42.f4 Rf8 43.g3 Kh6 44.Re4 Kg6 45.Kf2 1-0

[Event "EU-chT Seniors 03rd"]
[Site "Dresden"]
[Date "2001.02.28"]
[Round "3.3"]
[White "Appelt, Gerd"]
[Black "Morgner, Siegfried"]
[Result "1/2-1/2"]
[WhiteElo "1991"]
[BlackElo "1662"]
[EventDate "2001.02.26"]
[PlyCount "62"]

1.e4 d6 2.d4 g6 3.f4 Bg7 4.Nf3 c5 5.Bb5+ Bd7 6.Bxd7+ Nxd7 7.c3 Ngf6 8.e5 
Ng8 9.Be3 cxd4 10.cxd4 dxe5 11.dxe5 Qa5+ 12.Qd2 Qxd2+ 13.Nbxd2 Nh6 14.Rf1 
b6 15.Rc1 Nf5 16.Bg1 h5 17.Nd4 Nxd4 18.Bxd4 Kd8 19.Ne4 Rc8 20.Ke2 Nb8 21.
Ng5 Rxc1 22.Rxc1 Rf8 23.Kd3 Bh6 24.b4 Bxg5 25.fxg5 Kd7 26.b5 Rc8 27.Rxc8 
Kxc8 28.a4 Nd7 29.h4 Kb7 30.Kc4 e6 31.Kb4 Nb8 1/2-1/2

[Event "EU-chT Seniors 03rd"]
[Site "Dresden"]
[Date "2001.02.28"]
[Round "3.3"]
[White "Arkhangelsky, Boris"]
[Black "Groiss, Karl"]
[Result "1-0"]
[WhiteElo "2318"]
[BlackElo "1885"]
[EventDate "2001.02.26"]
[PlyCount "67"]

1.d4 d5 2.Nf3 e6 3.c4 Nf6 4.Nc3 Be7 5.Bf4 a6 6.e3 O-O 7.Qc2 c6 8.c5 Nbd7 
9.Bd3 h6 10.h3 Re8 11.O-O Nf8 12.b4 N6d7 13.Rad1 Bf6 14.e4 Be7 15.e5 f5 
16.exf6 Bxf6 17.Rfe1 Re7 18.Bd6 Rf7 19.Re3 Be7 20.Bg3 Bg5 21.Nxg5 Qxg5 22.
Kh1 Qd8 23.a3 Nf6 24.Na4 N6d7 25.Bd6 Qf6 26.Rf3 Qd8 27.Rxf7 Kxf7 28.Qe2 
Qf6 29.Qh5+ Kg8 30.Qe8 g6 31.Re1 Qf7 32.Qd8 Qf6 33.Qxf6 Nxf6 34.Nb6 1-0

[Event "EU-chT Seniors 03rd"]
[Site "Dresden"]
[Date "2001.02.28"]
[Round "3.3"]
[White "Boeckenhaupt, Rudi"]
[Black "Rost van Tonningen, Otto"]
[Result "1/2-1/2"]
[WhiteElo "1858"]
[BlackElo "2047"]
[EventDate "2001.02.26"]
[PlyCount "83"]

1.e4 d6 2.d4 Nf6 3.Nc3 Nbd7 4.f4 e5 5.Be3 c6 6.Be2 Qc7 7.Bf3 Be7 8.Qd2 Nb6
9.b3 Ng4 10.Bxg4 Bxg4 11.Nf3 Bxf3 12.gxf3 Bh4+ 13.Ke2 O-O-O 14.d5 exf4 15.
Bd4 Bg5 16.h4 Bh6 17.Rag1 f6 18.Kd1 Kb8 19.Ne2 c5 20.Bb2 Qf7 21.c4 Rde8 
22.Nc3 a6 23.Qg2 Nd7 24.Ne2 Rhg8 25.Qh3 g6 26.Rg2 Rgf8 27.h5 g5 28.Qf5 Ne5
29.Bxe5 Rxe5 30.Qh3 f5 31.Nc3 g4 32.fxg4 fxe4 33.g5 Bg7 34.g6 hxg6 35.Rxg6
f3 36.Qg4 e3 37.Rxg7 e2+ 38.Nxe2 fxe2+ 39.Kd2 Qf4+ 40.Qxf4 Rxf4 41.Ke1 Rd4
42.Rgg1 1/2-1/2

[Event "EU-chT Seniors 03rd"]
[Site "Dresden"]
[Date "2001.02.28"]
[Round "3.3"]
[White "Brameyer, Hermann"]
[Black "Kholmov, Ratmir D"]
[Result "1/2-1/2"]
[WhiteElo "2215"]
[BlackElo "2470"]
[EventDate "2001.02.26"]
[PlyCount "55"]

1.d4 Nf6 2.Nf3 e6 3.c4 Bb4+ 4.Bd2 Bxd2+ 5.Nbxd2 c5 6.dxc5 Qa5 7.e3 Qxc5 8.
Rc1 Nc6 9.a3 O-O 10.b4 Qe7 11.Be2 b6 12.O-O Bb7 13.Nb3 Rac8 14.c5 bxc5 15.
Nxc5 Ba8 16.Ba6 Rb8 17.Qe2 d6 18.Nb3 Rb6 19.Rc2 Nb8 20.Bd3 e5 21.Bf5 g6 
22.Bh3 Nd5 23.Rfc1 f5 24.Rc8 Bb7 25.Rxf8+ Kxf8 26.Na5 Ba6 27.Qd1 Nc7 28.
Qc2 1/2-1/2

[Event "EU-chT Seniors 03rd"]
[Site "Dresden"]
[Date "2001.02.28"]
[Round "3.3"]
[White "Ehlert, Joachim"]
[Black "Gradl, Rudolf"]
[Result "1/2-1/2"]
[WhiteElo "1863"]
[BlackElo "1687"]
[EventDate "2001.02.26"]
[PlyCount "23"]

1.e4 c5 2.Nf3 Nc6 3.d4 cxd4 4.Nxd4 g6 5.Nc3 Bg7 6.Be3 Nf6 7.f3 O-O 8.Qd2 
d5 9.O-O-O dxe4 10.Qf2 Nxd4 11.Bxd4 Qa5 12.fxe4 1/2-1/2

[Event "EU-chT Seniors 03rd"]
[Site "Dresden"]
[Date "2001.02.28"]
[Round "3.3"]
[White "Funk, Paul"]
[Black "Kohlschmidt, Christoph"]
[Result "1-0"]
[WhiteElo "2133"]
[BlackElo "1826"]
[EventDate "2001.02.26"]
[PlyCount "72"]

1.d4 Nf6 2.Nf3 c5 3.e3 cxd4 4.exd4 d5 5.Bd3 g6 6.O-O Nc6 7.h3 Bg7 8.Re1 
O-O 9.c3 Qc7 10.Be3 Ne4 11.Bxe4 dxe4 12.Ng5 f5 13.Qb3+ e6 14.Nxe6 Bxe6 15.
Qxe6+ Kh8 16.g3 Rae8 17.Qc4 Qd7 18.Bf4 Rc8 19.Qe2 a6 20.Nd2 b5 21.Nb3 Ne7 
22.Nc5 Qc6 23.Qd2 Rfd8 24.Bg5 Bf6 25.Qf4 Nd5 26.Qh4 Rd6 27.Rac1 Bg7 28.b4 
Ra8 29.Bf4 Bf6 30.Be5 Kg7 31.g4 Re8 32.Qg3 Bxe5 33.dxe5 f4 34.Qg2 Rxe5 35.
Rxe4 Re8 36.Rce1 Rxe4 1-0

[Event "EU-chT Seniors 03rd"]
[Site "Dresden"]
[Date "2001.02.28"]
[Round "3.3"]
[White "Hauswald, Gerd"]
[Black "Kaden, Guenter"]
[Result "0-1"]
[WhiteElo "1322"]
[BlackElo "1809"]
[EventDate "2001.02.26"]
[PlyCount "106"]

1.d4 d5 2.Nf3 c6 3.Bf4 Nf6 4.Nbd2 Nbd7 5.c4 e6 6.a3 Nh5 7.Bg5 Be7 8.Bxe7 
Qxe7 9.g3 O-O 10.Bg2 Nb6 11.Rc1 f5 12.e3 Nf6 13.O-O Nbd7 14.cxd5 exd5 15.
Nh4 Ne4 16.Bh3 g6 17.Rc2 Ng5 18.Bg2 Nf6 19.Nhf3 Nf7 20.Nb3 Ne4 21.Nc5 Nxc5
22.Rxc5 Be6 23.Qd2 Nd6 24.Rc2 Kg7 25.Ne5 Nf7 26.Nf3 g5 27.h4 h6 28.Rfc1 
Nd6 29.Qb4 Rad8 30.Kh2 Rfe8 31.Rh1 Bc8 32.Kg1 Qf6 33.Ne5 Nf7 34.Nf3 f4 35.
Qd2 fxe3 36.fxe3 g4 37.Ne1 Qe7 38.Rc3 Nd6 39.Rb3 Nc4 40.Qd3 Nxe3 41.Kh2 
Rd6 42.Nc2 Nxg2 43.Kxg2 Qe2+ 44.Kg1 Qxd3 45.Rxd3 Bf5 46.Rd2 Rde6 47.Rhh2 
Bxc2 48.Rxc2 Re1+ 49.Kf2 Rd1 50.b4 Rxd4 51.Rh1 Ree4 52.b5 Rc4 53.Rhc1 cxb5
0-1

[Event "EU-chT Seniors 03rd"]
[Site "Dresden"]
[Date "2001.02.28"]
[Round "3.3"]
[White "Khanukov, Boris"]
[Black "Beckel, Friedrich"]
[Result "1-0"]
[WhiteElo "2263"]
[BlackElo "1955"]
[EventDate "2001.02.26"]
[PlyCount "59"]

1.d4 Nf6 2.c4 g6 3.Nc3 d5 4.Nf3 Bg7 5.Bg5 Ne4 6.cxd5 Nxg5 7.Nxg5 e6 8.Nf3 
exd5 9.e3 O-O 10.Be2 c6 11.O-O Qd6 12.Ne1 Bf5 13.Nd3 Bxd3 14.Qxd3 f5 15.g3
Nd7 16.Rab1 Rae8 17.Bf3 g5 18.Ne2 Re6 19.a4 a5 20.Rbc1 Rf7 21.Rc3 Bf8 22.
Rb3 Nb8 23.Bh5 Rc7 24.Qxf5 Na6 25.Bg4 Rf6 26.Qb1 h5 27.Bxh5 Qe6 28.f3 Nb4 
29.Bg4 Qd6 30.e4 1-0

[Event "EU-chT Seniors 03rd"]
[Site "Dresden"]
[Date "2001.02.28"]
[Round "3.3"]
[White "Krawiec, Witold"]
[Black "Salzmann, Helmut"]
[Result "1-0"]
[WhiteElo "2000"]
[BlackElo "1926"]
[EventDate "2001.02.26"]
[PlyCount "95"]

1.e4 e5 2.d4 exd4 3.Qxd4 Nc6 4.Qe3 d6 5.Nc3 Nf6 6.Bd2 Be6 7.O-O-O Be7 8.f4
Ng4 9.Qg3 Bh4 10.Qf3 Nf2 11.g3 Bg4 12.Qxf2 Bxd1 13.Kxd1 Bf6 14.Nge2 Qd7 
15.Kc1 g6 16.Nd5 Bg7 17.h4 O-O-O 18.Bc3 Bxc3 19.Nexc3 Kb8 20.Nf6 Qe7 21.
Ncd5 Qf8 22.Bh3 Qg7 23.Nd7+ Kc8 24.Ne7+ Nxe7 25.Qxa7 f5 26.Nb8 Rhf8 27.Qa8
Rde8 28.Na6+ Kd7 29.Qxb7 Rc8 30.Rd1 Qf7 31.b3 Rfd8 32.e5 Ke8 33.Nxc7+ Kf8 
34.exd6 Ng8 35.Bg2 Nf6 36.Qb4 Kg7 37.g4 Qd7 38.Rd3 Ne8 39.Qd4+ Kh6 40.Nxe8
Rxe8 41.c4 Re2 42.Rd2 Rce8 43.c5 Rxd2 44.Qxd2 Qg7 45.d7 Qa1+ 46.Kc2 Qxa2+ 
47.Kc3 Qa1+ 48.Kc4 1-0

[Event "EU-chT Seniors 03rd"]
[Site "Dresden"]
[Date "2001.02.28"]
[Round "3.3"]
[White "Krueger, Erich"]
[Black "Scheipl, Ralf"]
[Result "1-0"]
[WhiteElo "2207"]
[BlackElo "2295"]
[EventDate "2001.02.26"]
[PlyCount "81"]

1.d4 Nf6 2.c4 d6 3.Nc3 e5 4.dxe5 dxe5 5.Qxd8+ Kxd8 6.Nf3 Nfd7 7.g4 f6 8.
Rg1 Nb6 9.e3 Be6 10.b3 a5 11.Bb2 c6 12.g5 a4 13.O-O-O+ Kc7 14.gxf6 gxf6 
15.Ne4 axb3 16.axb3 Ba3 17.Rg7+ N8d7 18.Nxf6 Rhf8 19.Nxd7 Nxd7 20.Ng5 
Bxb2+ 21.Kxb2 Rxf2+ 22.Kc3 Bg4 23.Rdxd7+ Bxd7 24.Bh3 Rxh2 25.Rxd7+ Kb6 26.
Rxh7 Re2 27.Kd3 Rb2 28.c5+ Ka7 29.Be6 Rd8+ 30.Ke4 Re2 31.Bc4 Rg2 32.Ne6 
Rd1 33.Kxe5 Re1 34.Nd8 Rxe3+ 35.Kd4 Re8 36.Nxb7 Rg4+ 37.Kc3 Rg3+ 38.Kb2 
Rf8 39.Na5+ Ka8 40.Nxc6 Rf2+ 41.Ka3 1-0

[Event "EU-chT Seniors 03rd"]
[Site "Dresden"]
[Date "2001.02.28"]
[Round "3.3"]
[White "Landgraf, Siegfried"]
[Black "Harzer, Paul"]
[Result "1-0"]
[WhiteElo "2172"]
[BlackElo "2066"]
[EventDate "2001.02.26"]
[PlyCount "89"]

1.d4 f5 2.g3 g6 3.Bg2 Nf6 4.c3 Bg7 5.Qb3 c6 6.Nd2 d5 7.Nh3 Ng4 8.Nf3 e5 9.
Nxe5 Nxe5 10.dxe5 Bxe5 11.Bh6 Qe7 12.O-O Nd7 13.Rad1 Nc5 14.Qc2 Be6 15.f3 
O-O-O 16.a4 Nd7 17.b4 Nf6 18.Be3 Kb8 19.Nf4 Bd7 20.Bc5 Bd6 21.Bxd6+ Qxd6 
22.e4 Qc7 23.exd5 g5 24.Ne6 Qb6+ 25.Qf2 Qxf2+ 26.Kxf2 Bxe6 27.dxe6 Rxd1 
28.Rxd1 Re8 29.Re1 Kc7 30.Re5 h6 31.Rxf5 Rxe6 32.c4 b6 33.Bf1 Kd6 34.c5+ 
bxc5 35.bxc5+ Ke7 36.Bc4 Nd5 37.Bxd5 cxd5 38.Rxd5 Ra6 39.Rd4 Rc6 40.Rc4 
Ke6 41.Ke3 Kd5 42.Kd3 Rf6 43.f4 gxf4 44.gxf4 Rc6 45.Rc2 1-0

[Event "EU-chT Seniors 03rd"]
[Site "Dresden"]
[Date "2001.02.28"]
[Round "3.4"]
[White "Gafke, Manfred"]
[Black "Van Houten, Henk"]
[Result "0-1"]
[WhiteElo "1699"]
[BlackElo "1750"]
[EventDate "2001.02.26"]
[PlyCount "127"]

1.d4 d5 2.Nf3 g6 3.Bf4 Bg7 4.e3 Nf6 5.Bd3 O-O 6.Nbd2 Nh5 7.Bg5 f5 8.Ne5 c5
9.c3 c4 10.Be2 Nf6 11.h4 Nc6 12.h5 Nxe5 13.dxe5 Ne4 14.Nxe4 fxe4 15.hxg6 
hxg6 16.Bh6 Bxh6 17.Rxh6 Kg7 18.Rh1 e6 19.f4 exf3 20.Bxf3 Qg5 21.Kd2 Bd7 
22.Qe1 Rh8 23.Qf2 Qxe5 24.Raf1 Rxh1 25.Rxh1 Qg5 26.Rh4 Rf8 27.Qe1 Qf5 28.
Kc1 Qd3 29.Rd4 Qf5 30.e4 Qg5+ 31.Kb1 Bc6 32.exd5 exd5 33.Rg4 Qf5+ 34.Kc1 
Re8 35.Qd2 Qe5 36.Rg5 Qf6 37.Rg4 Re5 38.Rf4 Rf5 39.Rg4 a6 40.Qe3 Re5 41.
Qd2 Qe7 42.Qd4 Qf6 43.Qd2 a5 44.Rf4 Qg5 45.Qd4 Kh6 46.Kc2 Qe7 47.Rh4+ Kg7 
48.Qf4 Qg5 49.Qd4 Qe3 50.Qxe3 Rxe3 51.Rg4 Re5 52.Rd4 g5 53.b3 b5 54.Kd2 
Kf6 55.Kc2 Rf5 56.Kd2 Ke5 57.Ke3 Rf4 58.Rd1 Rh4 59.Kf2 b4 60.bxc4 Rxc4 61.
cxb4 axb4 62.Ke2 g4 63.Bxd5 Bxd5 64.Rb1 0-1

[Event "EU-chT Seniors 03rd"]
[Site "Dresden"]
[Date "2001.02.28"]
[Round "3.4"]
[White "Koller, Karl"]
[Black "Belov, Vadim G"]
[Result "1/2-1/2"]
[WhiteElo "1804"]
[BlackElo "2308"]
[EventDate "2001.02.26"]
[PlyCount "107"]

1.e4 c5 2.Nf3 e6 3.d4 cxd4 4.Nxd4 Nf6 5.Nc3 Bb4 6.Bd3 e5 7.Ne2 O-O 8.O-O 
Nc6 9.a3 Bc5 10.h3 h6 11.Kh1 a6 12.f4 d6 13.Ng3 Ng4 14.Qe1 Qh4 15.Nf5 Nf2+
16.Kh2 Bxf5 17.exf5 exf4 18.Ne4 Ng4+ 19.Kh1 Qxe1 20.Rxe1 Nf2+ 21.Nxf2 Bxf2
22.Re4 Bg3 23.Bxf4 d5 24.Ra4 b5 25.Bxb5 axb5 26.Rxa8 Bxf4 27.Rxf8+ Kxf8 
28.Rd1 d4 29.g4 Ke7 30.c3 Kd6 31.cxd4 Kd5 32.Kg2 Nxd4 33.Kf2 Kc4 34.b4 Nc2
35.Kf3 Bg5 36.Rd7 Nxa3 37.Rxf7 Bf6 38.h4 Kxb4 39.g5 hxg5 40.hxg5 Bxg5 41.
Rxg7 Bf6 42.Rg6 Bd8 43.f6 Nc4 44.Ke4 Kc5 45.f7 Be7 46.Rg7 b4 47.Kf5 b3 48.
Ke6 Bf8 49.Rg5+ Kc6 50.Rg3 b2 51.Rb3 Bc5 52.Kf5 Kd7 53.Kg6 Bf8 54.Kh7 
1/2-1/2

[Event "EU-chT Seniors 03rd"]
[Site "Dresden"]
[Date "2001.02.28"]
[Round "3.4"]
[White "Litterst, Reinhard"]
[Black "Lenk, Wolfgang"]
[Result "1/2-1/2"]
[WhiteElo "1930"]
[BlackElo "2059"]
[EventDate "2001.02.26"]
[PlyCount "81"]

1.d4 Nf6 2.Nf3 g6 3.c4 Bg7 4.Nc3 d6 5.e4 O-O 6.Be2 e5 7.dxe5 dxe5 8.O-O c6
9.h3 Qe7 10.Qc2 Na6 11.Be3 Nh5 12.Rad1 Be6 13.Ng5 Nf4 14.Nxe6 Nxe6 15.a3 
f5 16.f3 f4 17.Bf2 Nd4 18.Qb1 Nb3 19.Qc2 Nac5 20.Na4 Nd4 21.Bxd4 exd4 22.
Nxc5 Qxc5 23.Bd3 a5 24.Rb1 a4 25.Qc1 Be5 26.Kh1 Ra5 27.Qd2 b6 28.Rfc1 Kg7 
29.Qe1 Rd8 30.Qe2 Bd6 31.Qd2 Qe5 32.Qe1 Bc5 33.Qe2 Ra7 34.Qd1 h5 35.Qe2 g5
36.Rg1 Kf6 37.Rbf1 Rg8 38.Qf2 Ke7 39.Qc2 Rga8 40.Qf2 Rg8 41.Qc2 1/2-1/2

[Event "EU-chT Seniors 03rd"]
[Site "Dresden"]
[Date "2001.02.28"]
[Round "3.4"]
[White "Oelert, Ralf"]
[Black "Wieckowski, Ryszard"]
[Result "0-1"]
[WhiteElo "1849"]
[BlackElo "1930"]
[EventDate "2001.02.26"]
[PlyCount "76"]

1.e4 c5 2.Nf3 e6 3.c3 Nc6 4.d4 cxd4 5.cxd4 Nf6 6.Nc3 Bb4 7.Bd3 d5 8.e5 Ne4
9.Bd2 Nxd2 10.Qxd2 O-O 11.Rc1 Bd7 12.a3 Be7 13.Bb1 f5 14.h4 Be8 15.Ng5 
Bxg5 16.hxg5 g6 17.Ba2 f4 18.Ne2 Qxg5 19.g3 Qd8 20.Nxf4 Bf7 21.Nh3 Kg7 22.
Ng5 h5 23.Bb1 Nxd4 24.Nxf7 Nf3+ 25.Kd1 Rxf7 26.Qe2 Qg5 27.Rc3 Raf8 28.Re3 
d4 29.Re4 Rc7 30.Rf4 Rxf4 31.gxf4 Qxf4 32.Bc2 Nxe5 33.Rh3 d3 34.Rxd3 Nxd3 
35.Qxd3 Qf6 36.Qg3 Rd7+ 37.Kc1 Rf7 38.Kb1 e5 0-1

[Event "EU-chT Seniors 03rd"]
[Site "Dresden"]
[Date "2001.02.28"]
[Round "3.4"]
[White "Piekarz, Peter"]
[Black "Bakhmatov, Eduard"]
[Result "1/2-1/2"]
[WhiteElo "2024"]
[BlackElo "2246"]
[EventDate "2001.02.26"]
[PlyCount "42"]

1.c4 e6 2.g3 d5 3.Bg2 Nf6 4.Nf3 Be7 5.O-O O-O 6.d4 c5 7.cxd5 exd5 8.Nc3 
Nc6 9.Bg5 cxd4 10.Nxd4 h6 11.Bxf6 Bxf6 12.e3 Nxd4 13.exd4 Be6 14.Qb3 Bxd4 
15.Bxd5 Bh3 16.Bg2 Bxg2 17.Kxg2 Bxc3 18.Qxc3 Rc8 19.Qb3 Qd7 20.Rac1 Rxc1 
21.Rxc1 Rd8 1/2-1/2

[Event "EU-chT Seniors 03rd"]
[Site "Dresden"]
[Date "2001.02.28"]
[Round "3.4"]
[White "Rodemann, Edmund"]
[Black "Tochtermann, Georg"]
[Result "0-1"]
[WhiteElo "1945"]
[BlackElo "1905"]
[EventDate "2001.02.26"]
[PlyCount "57"]

1.e4 d6 2.d4 Nf6 3.Nc3 c6 4.f4 g6 5.Nf3 Bg7 6.Bd3 Qb6 7.e5 dxe5 8.fxe5 Nd5
9.Nxd5 cxd5 10.c3 Bd7 11.Qe2 Bg4 12.O-O O-O 13.Kh1 f5 14.exf6 exf6 15.h3 
Be6 16.Bf4 Bf7 17.Qd2 Re8 18.Rfe1 Nd7 19.b3 Qc6 20.Rxe8+ Rxe8 21.Rc1 b5 
22.Qf2 a6 23.Bd2 h6 24.Re1 f5 25.Rxe8+ Bxe8 26.Qe2 Nf6 27.Ne5 Qc8 28.c4 
Ne4 29.Bb4 0-1

[Event "EU-chT Seniors 03rd"]
[Site "Dresden"]
[Date "2001.02.28"]
[Round "3.4"]
[White "Schmitthoefer, Herbert"]
[Black "Barnstedt, Dietrich"]
[Result "0-1"]
[WhiteElo "1738"]
[BlackElo "2054"]
[EventDate "2001.02.26"]
[PlyCount "84"]

1.d4 d5 2.c4 e5 3.cxd5 Qxd5 4.Nc3 Qxd4 5.Qxd4 exd4 6.Nd5 Bd6 7.Bf4 Bxf4 8.
Nxf4 Nf6 9.Nf3 c5 10.Rc1 b6 11.Nxd4 g5 12.Nd3 Ba6 13.Nf5 Nc6 14.h4 g4 15.
g3 Bxd3 16.exd3 Ne5 17.Be2 Rd8 18.Rd1 Nf3+ 19.Bxf3 gxf3 20.O-O Kd7 21.Rfe1
Rhe8 22.Re3 Ng4 23.Rxf3 Re2 24.Ne3 Nxe3 25.fxe3 Ke6 26.Kf1 Rxb2 27.Rf2 
Rxf2+ 28.Kxf2 Ke5 29.a4 h5 30.a5 c4 31.d4+ Ke4 32.axb6 axb6 33.Ke2 Ra8 34.
d5 Ra2+ 35.Kf1 Kxe3 36.d6 Ra8 37.Rb1 c3 38.Re1+ Kd2 39.Kf2 c2 40.Re2+ Kd3 
41.Re3+ Kd4 42.Re1 Rd8 0-1